00390nam a2200145Ia 4500008004100000020001500041041001200056082001600068100001500084245006600099260003900165300000900204650001400213700001700227221030s9999 xx 000 0 und d a8187210001 aEnglish a105.23bPur aB. R. Puri 0aPrinciples of Physical Chemistrycby B. R. Puri, L. R. Sharma bS. L. Nagin & Co.aJalandharc2000 a1372 aChemistry aL. R. Sharma